Botw enemies #2 - Statistics

General Stats
  • This quiz has been taken 9 times
  • The average score is 7 of 14
Answer Stats
Hint Answer % Correct
Scourge of Rudania Fireblight
100%
Scourge of Naboris Thunderblight
100%
Scourge of Ruta Waterblight
100%
Scourge of Medoh Windblight
100%
Sand monster seeing your every move Molduga
83%
Leader of the yiga Master kohga
67%
Dragon in the spring of courage Farosh
33%
Flying robot Guardian Skywatcher
33%
Removable eye Stalnox
33%
Dragon in the spring of power Dinraal
17%
Dragon in the spring of wisdom Naydra
17%
Small rock creature Stone peblit
17%
Test against a monk Kaz Koshika
0%
Robots that don’t attack Sentry
0%
No matching quizzes found
Score Distribution
Percent of People with Each Score
Percentile by Number Answered
Your Score History
You have not taken this quiz